All Formula 1 podiums 2020–present - Statistics

General Stats
  • This quiz has been taken 7,971 times
    1,896 since last reset
  • The average score is 18 of 19
Answer Stats
Podiums Name Nationality % Correct
40 Charles Leclerc Monaco
100%
51 Lewis Hamilton UK
100%
96 Max Verstappen Netherlands
100%
28 Carlos Sainz Spain
99%
9 Fernando Alonso Spain
99%
44 Lando Norris UK
99%
31 Sergio Pérez Mexico
99%
4 Esteban Ocon France
98%
26 Oscar Piastri Australia
98%
4 Pierre Gasly France
98%
22 Valtteri Bottas Finland
98%
2 Alexander Albon Thailand
97%
3 Daniel Ricciardo Australia
97%
24 George Russell UK
97%
2 Lance Stroll Canada
97%
1 Nico Hülkenberg Germany
92%
3 Andrea Kimi Antonelli Italy
90%
2 Sebastian Vettel Germany
89%
1 Isack Hadjar France
80%
No matching quizzes found
Score Distribution
Percent of People with Each Score
Percentile by Number Answered
Your Score History
You have not taken this quiz since the last reset